000
00322nam a22001337a 4500
999
_c
15525
_d
15525
003
OSt
008
180913b ||||| |||| 00| 0 eng d
082
_a
628
_b
NAR/EN
100
_a
Narayana rao, N
_9
3304
245
_a
Environmental engineering
260
_a
New Delhi
_b
Tata mcgraw hill
_c
c1993
300
_a
268
942
_c
BK